000 00734nam a2200217Ia 4500
005 20250508161608.0
008 008 250505s9999 xx 000 0 eng d
037 _aBooks to be hide in OPAC
040 _aFEDL
_beng
_cFEDL
041 _aeng
_2eng
084 _a300.7, NAT/O
_qFEDL
100 _aKlee Loretta E. Ed.
_9770481
245 0 _aSocial studies for older children: Programs for grades four, five and six
245 0 _cNATIONAL COUNCIL FOR THE SOCIAL STUDIES
260 _aWashington, USA
_bNational Council for the Social Studies
_c1953
300 _aix,139p
490 _aCurriculum series; 5
650 _aSocial science - Teaching
_9756799
942 _cHB
_h300.7, NAT/O
999 _c1371009
_d1371009